000 00620nam a2200229Ia 4500
003 OSt
005 20220912151936.0
006 a|||||r|||| 00| 0
007 ta
008 220909b |||||||| |||| 00| 0 eng d
024 _a64366
037 _cTextual
040 _aCSL
_beng
_cCSL
041 _aeng
082 _aK:12.2, F7 CS
245 0 _aLittoral fauna of krusada island in the gulf of Manaar with appendices on the vertebrates and plants
260 _c1927
300 _ap.
_ccm.
650 _aFauna
942 _hK:12.2, F7 CS
_cTEXL
_2CC
999 _c77600
_d77600